| 000 | 00652nam a2200217 a 4500 | ||
|---|---|---|---|
| 001 | 40691 | ||
| 003 | BD-RjUL | ||
| 005 | 20211209053251.0 | ||
| 008 | 160509s1961 enkb 001 0 eng d | ||
| 035 | _aBD-RjUL 40806 | ||
| 040 |
_aBD-RjUL _beng _cBD-RjUL |
||
| 041 | _aeng | ||
| 082 |
_a960.3 _223 _bTHU 1961 |
||
| 100 | 1 |
_aThompson, Leonard Monteath. _9125190 |
|
| 245 | 1 | 4 |
_aThe unification of South Africa 1902-1910 / _cBy L. M. Thompson |
| 260 |
_aOxford : _bClarendon Press, _c1961 |
||
| 300 |
_axv, 549 p : _bmap ; _c23 cm |
||
| 504 | _aIncludes bibliography and index | ||
| 651 | 0 |
_aSouth Africa _xHistory _y1909-1961. _9125191 |
|
| 942 |
_2ddc _cBK |
||
| 999 |
_c40691 _d40691 |
||